[Event "Rio de Janeiro Euwe Memorial 1st"]
[Site "Rio de Janeiro"]
[Date "2014.06.19"]
[Round "1"]
[White "Cunha, Eduardo Arruda da G"]
[Black "Vaz, Daniel Rodrigues"]
[Result "1-0"]
[WhiteElo "2276"]
[BlackElo "2024"]
[PlyCount "99"]
[EventDate "2014.06.19"]
[EventType "swiss"]
[EventRounds "7"]
[EventCountry "BRA"]
[SourceTitle "CBM 161 Extra"]
[Source "ChessBase"]
[SourceDate "2014.08.29"]
[SourceVersion "1"]
[SourceVersionDate "2014.08.29"]
[SourceQuality "1"]

1. e4 g6 2. d4 Bg7 3. Nc3 c6 4. Bc4 d6 5. Qe2 Nf6 6. Nf3 0-0 7. Bb3 Bg4 8. h3 Bxf3 9. Qxf3 e6 10. Bg5 h6 11. Bf4 d5 12. Rd1 b5 13. a3 a5 14. e5 Nfd7 15. Qe3 Qh4 16. 0-0 a4 17. Ba2 Nb6 18. Nb1 Nc4 19. Bxc4 bxc4 20. Nd2 c5 21. dxc5 Nc6 22. Nf3 Qh5 23. Nh2 Rab8 24. Ng4 g5 25. Qe2 Kh8 26. Bc1 Nxe5 27. f4 Nxg4 28. hxg4 Qg6 29. f5 exf5 30. Rxd5 fxg4 31. c3 f5 32. Qxc4 Rbe8 33. Qd3 Kh7 34. Rd6 Re6 35. g3 f4 36. Qxg6+ Rxg6 37. gxf4 Rf5 38. fxg5 Rxc5 39. Rd7 hxg5 40. Be3 Rb5 41. Bd4 Kh6 42. Kg2 Rxb2+ 43. Kg3 Kh7 44. Rff7 Rd2 45. Rxg7+ Rxg7 46. Rxg7+ Kh6 47. Ra7 Kh5 48. Rh7+ Kg6 49. Rg7+ Kh5 50. Rxg5+ 1-0

[Event "Rio de Janeiro Jacome Memorial"]
[Site "Rio de Janeiro"]
[Date "2013.11.20"]
[Round "1"]
[White "Vaz, Daniel Rodrigues"]
[Black "Rangel, Daniel"]
[Result "0-1"]
[WhiteElo "2068"]
[BlackElo "2151"]
[PlyCount "60"]
[EventDate "2013.11.20"]
[EventType "tourn"]
[EventRounds "7"]
[EventCountry "BRA"]
[SourceTitle "CBM 157 Extra"]
[Source "ChessBase"]
[SourceDate "2013.12.19"]
[SourceVersion "1"]
[SourceVersionDate "2013.12.19"]
[SourceQuality "1"]

1. Nf3 f5 2. g3 Nf6 3. Bg2 g6 4. 0-0 Bg7 5. d4 0-0 6. c4 d6 7. Nc3 Qe8 8. Re1 e5 9. dxe5 dxe5 10. e4 fxe4 11. Ng5 e3 12. Bxe3 h6 13. Nge4 Nc6 14. Qc2 Qf7 15. b3 Nxe4 16. Nxe4 Bf5 17. Rad1 Nd4 18. Qb2 Rad8 19. h3 g5 20. Rd2 Qg6 21. Nc3 c6 22. Red1 a6 23. Qa3 g4 24. hxg4 Bxg4 25. Re1 Nf3+ 26. Bxf3 Bxf3 27. Rxd8 Rxd8 28. Qe7 Rd3 29. Ne2 Qh5 30. Qh4 Bxe2 0-1

[Event "Natal-ch"]
[Site "Mangaratiba"]
[Date "2009.12.28"]
[Round "1.1"]
[White "Cunha, Eduardo Arruda da G"]
[Black "Vaz, Daniel Rodrigues"]
[Result "1-0"]
[WhiteElo "2289"]
[BlackElo "2075"]
[PlyCount "53"]
[EventDate "2009.12.28"]
[EventType "swiss"]
[EventRounds "7"]
[EventCountry "BRA"]
[SourceTitle "EXT 2022"]
[Source "ChessBase"]
[SourceDate "2021.10.06"]
[SourceVersion "1"]
[SourceVersionDate "2021.10.06"]
[SourceQuality "1"]

1. e4 d5 2. exd5 Nf6 3. Bb5+ Bd7 4. Bc4 b5 5. Bb3 a5 6. a3 a4 7. Ba2 Bg4 8. f3 Bf5 9. Ne2 Nxd5 10. Nd4 Bg6 11. Nxb5 Ra5 12. Bxd5 Rxb5 13. Be4 Rg5 14. Qe2 e6 15. d3 Rh5 16. Nc3 Be7 17. f4 0-0 18. Be3 Qd7 19. 0-0-0 Bf6 20. Bf3 Ra5 21. d4 Rd8 22. g4 Nc6 23. d5 exd5 24. Nxd5 Qe6 25. Nxf6+ Qxf6 26. Rxd8+ Nxd8 27. Bd2 1-0

[Event "Rio de Janeiro Baptista Caiafa Memorial"]
[Site "Rio de Janeiro"]
[Date "2009.05.01"]
[Round "5.2"]
[White "Vaz, Daniel Rodrigues"]
[Black "Oliveira, Fernando Ventura"]
[Result "1/2-1/2"]
[WhiteElo "2075"]
[BlackElo "2148"]
[PlyCount "66"]
[EventDate "2009.05.01"]
[EventType "tourn"]
[EventRounds "9"]
[EventCountry "BRA"]
[SourceTitle "EXT 2022"]
[Source "ChessBase"]
[SourceDate "2021.10.06"]
[SourceVersion "1"]
[SourceVersionDate "2021.10.06"]
[SourceQuality "1"]

1. Nf3 Nf6 2. g3 g6 3. Bg2 Bg7 4. 0-0 0-0 5. c4 c5 6. Nc3 Nc6 7. d3 d6 8. a3 a6 9. Rb1 Rb8 10. b4 cxb4 11. axb4 b5 12. cxb5 axb5 13. Bf4 e5 14. Bg5 Be6 15. Ne4 Qe7 16. Nxf6+ Bxf6 17. Bxf6 Qxf6 18. Qd2 Rfc8 19. Rfc1 Kg7 20. Rc3 h6 21. Rbc1 Ne7 22. Rxc8 Rxc8 23. Rxc8 Bxc8 24. Qc3 Bf5 25. Nd2 Qe6 26. Qb3 Qxb3 27. Nxb3 Kf6 28. Kf1 Be6 29. Na5 Bd5 30. Nb7 Bxb7 31. Bxb7 Ke6 32. Ba6 Nd5 33. Bxb5 Nxb4 1/2-1/2